01107nas a2200241 i 450000100070000000500170000700700030002400800470002704000300007404100080010424500920011226400730020430000650027731000110034233600280035333700350038133800300041636200230044650000490046952002710051865000470078970000290083622827620260217101735.0ta890206e2002 dr a p|ro || |o001 ||spa|  aDO-SdBNPbspacBNPHUerda hspa0 aAnuario del béisbol invernal dominicano temporada 2001-02 /ceditor Héctor J. Cruz. aSanto Domingo, República Dominicana :bHéctor J. Díaz, c2002.4 avolumen : bilustraciones, fotografías, tablas ; c28 cm.  aAnual  atextobtxt 2rdacontent asin mediación bn 2rdamedia avolumen bnc 2rdacarrier aAnuario 2001-2002. aCatalogación basada en: Anuario 2001-2002. aEste Anuario nace con la intención de quedarse. La liga como institución, tampoco ha patrocinado este tipo de trabajo como base para una buena información. Como resultado, cada campeonato comienza y termina con gran vacío de orientación y de información. aBéisbolzAnuariozRepública Dominicana aCruz, Héctor Jeeditor